India: (Record no. 213823)

MARC details
000 -LEADER
fixed length control field 00626nam a22001937a 4500
005 - DATE AND TIME OF LATEST TRANSACTION
control field 20251203120240.0
010 ## - LCCN (DPL NO)
LC control number ENG-147249
020 ## - INTERNATIONAL STANDARD BOOK NUMBER
Terms of availability 125.00
International Standard Book Number 9789387858657
035 ## - SYSTEM CONTROL NUMBER
System control number EN-130781
037 ## - SOURCE OF ACQUISITION
Source of stock number/acquisition DBAD
082 ## - DEWEY DECIMAL CLASSIFICATION NUMBER
Classification number 320.5312
Edition number 1
100 ## - MAIN ENTRY--PERSONAL NAME
Personal name Aijaz Ahmad
245 ## - TITLE STATEMENT
Title India:
Remainder of title Liberal Democracy and the Extreme Right/
Statement of responsibility, etc Aijaz Ahmad
250 ## - EDITION STATEMENT
Edition statement 1
260 ## - PUBLICATION, DISTRIBUTION, ETC. (IMPRINT)
Place of publication, distribution, etc Hyderabad
Name of publisher, distributor, etc Nava Telangana Publishing House
Date of publication, distribution, etc 2020
270 ## - ADDRESS
Address M.H. Bhavan, Plot No. 21/1, Azamabad, Near RTC Kalyana Mantapam
City Hyderabad
Postal code 500020
Telephone number 9490099378
300 ## - PHYSICAL DESCRIPTION
Extent 112p.
Dimensions 21cm(pb)
942 ## - ADDED ENTRY ELEMENTS (KOHA)
Source of classification or shelving scheme Dewey Decimal Classification
Item type English Books
Call number suffix AIJ
Classification part 320.5312
Holdings
Withdrawn status Lost status Not for loan Collection code Home library Current library Date acquired Source of acquisition Cost, normal purchase price Full call number Barcode Copy number Cost, replacement price Koha item type
      Non-fiction Mobile Library Mobile Library 03/12/2025 Delivery of Books Act Division 125.00 AIJ 320.5312 EN-130781 1 125.00 English Books

© Delhi Public Library
Hit Counter
free hit counter